| 000 | 00669nam a2200193Ia 4500 | ||
|---|---|---|---|
| 003 | GCL | ||
| 008 | 140319s9999 xx 000 0 ara d | ||
| 040 |
_aGCL / _cGCL |
||
| 082 | 0 | 4 |
_a301.241 _bم ف |
| 100 | 1 | _aمحمود عوده | |
| 245 | 1 | 0 |
_aالفلاحون و الدولة, دراسة فى اساليب الانتاج والتكوين الاجتماعى للمجتمع التقليدى / _cمحمود عوده |
| 260 |
_a[S.N] : _bدار المعرفة الجامعية ، _c1993 |
||
| 300 | _a279 ص | ||
| 490 | _a | ||
| 650 | 0 | 4 | _aمصر |
| 650 | 0 | 4 | _aالتنمية الاجتماعية |
| 650 | 0 | 4 | _aالمجتمعات الريفية |
| 942 |
_2ddc _cBK |
||
| 999 |
_c50107 _d50107 |
||